Many infallible proofs. (Record no. 16833)

000 -LEADER
fixed length control field 00588nam a2200181 a 4500
001 - CONTROL NUMBER
control field :::00020124$&:&@@
003 - CONTROL NUMBER IDENTIFIER
control field OkBaRHE
005 - DATE AND TIME OF LATEST TRANSACTION
control field 20011214143930.0
008 - FIXED-LENGTH DATA ELEMENTS--GENERAL INFORMATION
fixed length control field s1974 j 000 0 eng u
040 ## - CATALOGING SOURCE
Transcribing agency
100 1# - MAIN ENTRY--PERSONAL NAME
Personal name Morris, Henry M., Ph.D.
245 10 - TITLE STATEMENT
Title Many infallible proofs.
260 ## - PUBLICATION, DISTRIBUTION, ETC. (IMPRINT)
Place of publication, distribution, etc El Cajon, CA
Name of publisher, distributor, etc Master Books
Date of publication, distribution, etc 1974
300 ## - PHYSICAL DESCRIPTION
Extent 381 p.
942 ## - ADDED ENTRY ELEMENTS (KOHA)
Source of classification or shelving scheme
Koha item type Books
Copies
Lost status Withdrawn status Price effective from Date last seen Copy number Barcode Source of classification or shelving scheme Koha item type Date checked out Full call number Total Checkouts Permanent Location Shelving location Not for loan Date acquired Current Location Damaged status
  2010-04-142010-04-14220764 Books BT 1102 .M67 RHEMA Bible Training CollegeGeneral Stacks 2010-04-14  
Long Overdue (Lost) 2010-04-142019-12-02120124 Books2013-09-20BT 1102 .M671RHEMA Bible Training CollegeGeneral Stacks 2010-04-14RHEMA Bible Training College